US States by Population-1930 - Statistics

General Stats
  • This quiz has been taken 347 times
  • The average score is 30 of 48
Answer Stats
Population State % Correct
12,588,066 New York
100%
9,631,350 Pennsylvania
93%
7,630,654 Illinois
92%
5,677,251 California
90%
5,824,715 Texas
90%
6,646,697 Ohio
88%
4,842,325 Michigan
86%
4,249,614 Massachusetts
81%
3,238,503 Indiana
75%
3,629,367 Missouri
75%
4,041,334 New Jersey
75%
3,170,276 North Carolina
71%
2,939,006 Wisconsin
69%
2,908,506 Georgia
68%
225,565 Wyoming
68%
91,058 Nevada
66%
2,616,556 Tennessee
64%
445,032 Idaho
63%
2,470,939 Iowa
63%
2,614,589 Kentucky
63%
537,606 Montana
63%
2,421,851 Virginia
63%
2,646,248 Alabama
61%
435,573 Arizona
61%
423,317 New Mexico
61%
238,380 Delaware
58%
359,611 Vermont
58%
1,468,211 Florida
56%
680,845 North Dakota
56%
692,849 South Dakota
56%
507,847 Utah
56%
1,035,791 Colorado
54%
1,880,999 Kansas
54%
2,101,593 Louisiana
53%
797,423 Maine
53%
2,563,953 Minnesota
53%
1,631,526 Maryland
51%
2,009,821 Mississippi
51%
953,786 Oregon
51%
687,497 Rhode Island
51%
1,854,782 Arkansas
49%
1,377,963 Nebraska
49%
465,293 New Hampshire
49%
2,396,040 Oklahoma
49%
1,738,765 South Carolina
47%
1,729,205 West Virginia
46%
1,606,903 Connecticut
44%
1,563,396 Washington
42%
No matching quizzes found
Score Distribution
Percent of People with Each Score
Percentile by Number Answered
Your Score History
You have not taken this quiz